Statistics for 北海道の集配郵便局(2023年4月1日時点)

Click here to take the quiz!

General Stats

  • This quiz has been taken 16 times
  • The average score is 151 of 273

Answer Stats

HintAnswer% Correct
097-8799稚内
93%
087-8799根室
93%
047-8799小樽
93%
096-8799名寄
87%
050-8799東室蘭
87%
053-8799苫小牧
87%
066-8799千歳
87%
044-8799倶知安
87%
090-8799北見
87%
051-8799室蘭
87%
093-8799網走
87%
067-8799江別
87%
073-8799滝川
87%
094-8799紋別
87%
048-0199黒松内
87%
049-3199八雲
87%
048-1599ニセコ
87%
055-2399日高
87%
078-1799上川
87%
058-0299えりも
87%
099-0199白滝
87%
078-2299沼田
87%
077-8799留萌
87%
099-4199斜里
87%
061-1199北広島
87%
077-0299増毛
87%
099-0499遠軽
87%
049-0499木古内
87%
059-0999白老
87%
098-5899枝幸
87%
088-1199厚岸
80%
080-8799帯広
80%
068-0499夕張
80%
059-8799登別
80%
095-8799士別
80%
049-2399
80%
081-8799新得
80%
054-8799鵡川
80%
059-1999追分
80%
049-3599長万部
80%
086-1699標津
80%
061-3299石狩
80%
057-8799浦河
80%
049-5899洞爺
80%
059-2199門別
80%
060-8799札幌中央
80%
061-0299当別
80%
073-0199砂川
80%
099-2399女満別
80%
043-8799江差
80%
075-8799芦別
80%
078-4199羽幌
80%
040-8799函館中央
80%
098-2599音威子府
80%
006-8799手稲
80%
049-0199北斗
80%
076-8799富良野
80%
074-8799深川
80%
046-8799余市
80%
048-0499寿都
80%
068-8799岩見沢
80%
058-8799様似
73%
098-5799浜頓別
73%
089-0199清水
73%
098-4110豊富
73%
088-3299弟子屈
73%
085-0299阿寒
73%
086-1199中標津
73%
085-8799釧路中央
73%
052-8799伊達
73%
072-8799美唄
73%
043-1499奥尻
73%
098-3399天塩
73%
070-8799旭川中央
73%
079-2299占冠
73%
049-5499豊浦
73%
049-4899瀬棚
73%
093-0599佐呂間
73%
098-1699興部
73%
080-0199音更
73%
048-1399蘭越
73%
041-1399大沼
73%
078-0399比布
67%
063-8799札幌西
67%
061-1499恵庭
67%
074-0499幌加内
67%
082-8799芽室
67%
071-0299美瑛
67%
079-1199赤平
67%
068-0199栗沢
67%
001-8799札幌北
67%
089-3799足寄
67%
086-8799厚床
67%
049-1599松前
67%
099-6499湧別
67%
005-8799札幌南
67%
041-1199七飯
67%
041-8799函館北
67%
098-5599中頓別
67%
043-1199厚沢部
67%
098-3599遠別
67%
098-3299幌延
67%
098-2899中川
67%
045-8799岩内
67%
098-2299美深
67%
098-1799雄武
67%
049-1399福島
67%
078-1499愛別
67%
059-1699厚真
67%
088-0199音別
67%
089-5699浦幌
67%
091-8799留辺蘂
67%
088-0399白糠
67%
056-8799静内
67%
089-2699広尾
67%
089-2199大樹
67%
089-5399豊頃
67%
098-6299鬼志別
60%
093-0299常呂
60%
088-2399標茶
60%
098-6799宗谷
60%
078-3399小平
60%
099-1499訓子府
60%
099-6399中湧別
60%
086-0299別海
60%
085-1299鶴居
60%
089-1399中札内
60%
078-3799苫前
60%
078-4499初山別
60%
078-8799旭川東
60%
089-4399陸別
60%
079-2499幾寅
60%
086-1899羅臼
60%
098-0199和寒
60%
080-1299士幌
60%
080-1499上士幌
60%
081-0299鹿追
60%
098-1299下川
60%
099-6599上湧別
60%
078-2199秩父別
60%
043-0499熊石
60%
049-0699上ノ国
60%
048-0699島牧
60%
061-2399定山渓
60%
047-0261銭函
60%
045-0399神恵内
60%
044-0299喜茂別
60%
068-2199三笠
60%
004-8799厚別
60%
069-8799野幌
60%
069-1599栗山
60%
042-8799函館東
53%
092-0299津別
53%
061-0599月形
53%
088-1499浜中
53%
089-0699幕別
53%
055-8799富川
53%
055-0199平取
53%
052-0199壮瞥
53%
049-4399今金
53%
092-8799美幌
53%
049-4599北桧山
53%
095-0499朝日
53%
099-5699滝上
53%
099-3699小清水
53%
099-0299丸瀬布
53%
041-1499鹿部
53%
098-5299歌登
53%
061-0699浦臼
53%
089-3399本別
53%
068-0599清水沢
53%
071-0599上富良野
53%
068-1199新篠津
53%
069-0299南幌
53%
084-8799釧路西
53%
069-1299由仁
53%
061-3199浜益
53%
061-3699厚田
53%
046-0199古平
47%
083-8799十勝池田
47%
049-5699虻田
47%
068-0799紅葉山
47%
048-1699真狩
47%
098-0599風連
47%
003-8799札幌白石
47%
098-1599西興部
47%
079-8799永山
47%
007-8799丘珠
47%
045-0299後志泊
47%
044-0199京極
47%
099-5199渚滑
47%
043-0199乙部
47%
079-0599妹背牛
47%
099-4499清里
47%
071-1299鷹栖
47%
099-1199置戸
47%
099-2199端野
47%
052-0399大滝
47%
078-1399当麻
47%
085-0499阿寒湖
47%
088-0699釧路東
47%
059-3199三石
47%
054-0299穂別
40%
043-0599久遠
40%
069-1399長沼
40%
041-1699南茅部
40%
088-0599庶路
40%
088-1599霧多布
40%
062-8799豊平
40%
088-3499川湯
40%
099-3299東藻琴
40%
089-0599札内
40%
089-1599更別
40%
089-1799忠類
40%
097-0199利尻おしどまり
33%
097-0499利尻くつがた
33%
059-0199有珠
33%
046-0299美国
33%
088-1399茶内
33%
061-3799太美
33%
089-0399御影
33%
088-2599西春別駅前
33%
097-1299礼文香深
33%
088-2299塘路
27%
088-0899尾幌
27%
078-3699古丹別
27%
086-0699中春別
27%
088-3399美留和
27%
002-8799篠路
27%
069-1199三川
27%
099-4599札弦
20%
098-6599沼川
20%
059-3299本桐
20%
078-3499鬼鹿
20%
098-6199浅茅野
20%
099-5399上渚滑
20%
099-3499浜小清水
20%
086-1799薫別
20%
088-2199遠矢
20%
088-1699姉別
20%
059-0699虎杖浜
20%
049-5399大岸
20%
089-3999螺湾
20%
055-0499振内
20%
080-2499西帯広
20%
064-8799山鼻
20%
059-1799上厚真
13%
059-1499遠浅
13%
077-0199舎熊
13%
061-1299北広島西
13%
081-0199屈足
13%
089-1299大正
13%
059-2299厚賀
13%
099-4399宇登呂
13%
041-0299石崎
13%
043-1399
13%
099-6199小向
7%
058-0499庶野
7%
089-3699仙美里
7%
061-3399石狩北
7%
089-4299大誉地
7%
041-0499尻岸内
7%
049-4799若松
7%
085-1199幌呂
7%
041-1299北斗北
7%
093-0799芭露
7%
049-1799江良
7%
088-2499虹別
7%
098-5999乙忠部
7%
043-0399館平
7%
059-1599早来雪だるま
7%
046-0399野塚
7%
086-0399中西別
7%

Score Distribution

Percentile by Number Answered

Percent of People with Each Score

Your Score History

You have not taken this quiz